000 00950nam a2200253 i 4500
001 134840
003 ES-MaACL
005 20230906194744.0
007 t|
008 070629s1960 sp ||||1| spa d
080 _a658.5(02)
100 1 _aThibert, Raymond B.
_9109926
245 1 3 _aLa previsión y el control en la empresa
_b: la práctica del control presupuestario en empresas industriales y comerciales /
_cpor R.B. Thibert ; prólogo de Wenceslao Millán Fernández ; traducido por Sebastián Besora Besora, Alberto Grau Dosaigües.
260 _aBarcelona :
_bHispano Europea,
_c1960.
300 _aXXIII, 376 p. ;
_c24 cm.
490 1 _aGalileo
650 1 4 _aControl presupuestario.
_911344
700 1 _aMillán Fernández, Wenceslao.
_981146
700 1 _aBesora, Sebastián.
_928589
700 1 _aGrau Dosaiguës, Alberto.
_959751
830 0 _aGalileo
_9182278
852 _aES-MaACL
_jC-18344
_bR.46704
999 _c134840
_d134840